00820 2200301 4500001002100000005001500021035002000036007000300056008004100059020002200100082001200122084001800134100001700152245008800169250001100257260003400268300002600302505007600328990001900404990001900423990001900442990001000461990001000471990001000481990000900491990000900500990000900509INLIS00000000000672820251217101353 a0010-0221000171ta251217 g 0 ind  a978-602-784-220-5 a297.273 a297.273 JAI a0 aJaih Mubarok1 aAKAD MUDHARABAH :bHukum Ekonomi Syariah /cProf. Dr. H. Jaih Mubarok, SE, MH, M.Ag aCet. 1 aBandung :bFokus Media,c2018 a271 hlm ;c16 x 24 cm abuku ini berisi tentang akad mudharabah dan pelanggaran serta sanksinya a00500APBD00500 a00501APBD00501 a00502APBD00502 a02202 a02201 a02200 a3144 a3145 a3146